| 000 | 01283cam a2200313 a 4500 | ||
|---|---|---|---|
| 001 | 12408188 | ||
| 005 | 20020125190612.0 | ||
| 008 | 010515s2001 at a |rb 00| 0 eng | ||
| 010 | _a 2001033859 | ||
| 020 | _a0534560911 | ||
| 020 | _a9780534560911 | ||
| 040 |
_aDLC _cDLC _dDLC |
||
| 050 | 0 | 0 |
_aBJ71 _b.G7 2001 |
| 082 | 0 | 0 |
_a170 _221 _bGRE |
| 245 | 0 | 0 |
_aGreat Traditions in Ethics / _c[edited by] Theodore C. Denise, Nicholas P. White, Sheldon P. Peterfreund. |
| 250 | _a10th ed. | ||
| 260 |
_aAustralia ; _aBelmont, CA : _bWadsworth Pub., _c2002 |
||
| 300 |
_axii, 365 p. : _bill. ; _c24 cm. |
||
| 504 | _aIncludes bibliographical references. | ||
| 650 | 0 |
_aEthics _xHistory. _928450 |
|
| 650 | 0 |
_aEthics. _928451 |
|
| 653 |
_bPol _cJanuary2012 |
||
| 700 | 1 |
_aDenise, Theodore Cullom, _d1919- _928452 _eedt |
|
| 700 | 1 |
_aWhite, Nicholas P., _d1942- _928453 _eedt |
|
| 700 | 1 |
_aPeterfreund, Sheldon Paul, _d1917- _928454 _eedt |
|
| 942 |
_2ddc _cBB |
||
| 999 |
_c16350 _d16350 |
||